000 00707nam a22001935i 4500
001 152167
003 ES-MaACL
005 20251201163630.0
008 981126s1868 fr |||| | fre d
040 _aCCPB | B
_bspa
_cCCPB | B
080 _a929 Prim, Juan
100 1 _aBlairet, Louis.
_929091
245 1 3 _aLe General Prim et la situation en Espagne
_b: avec des notes bibliographiques sur les principaux membres de l'émigration progresiste /
_cpar Louis Blairet.
260 _aParis :
_bAchille Faure,
_c1868 (
_fImprimerie L. Poupart-Davyl)
300 _a158 p. ;
_c23 cm.
600 1 4 _aPrim, Juan,
_d1814-1870
_9242561
852 _aES-MaACL
_jG-15555
_z-- Enc. hol.
999 _c152167
_d152167